[Event "DSB-Kader-Challenge 2021"]
[Site "Magdeburg"]
[Date "2021.04.06"]
[Round "2.4"]
[White "Svane, Rasmus"]
[Black "Kollars, Dmitrij"]
[Result "1/2-1/2"]
[WhiteElo "2613"]
[BlackElo "2598"]
[Annotator "ChessBase"]
[PlyCount "153"]
[EventDate "2021.04.05"]
[EventType "tourn"]
[EventCountry "GER"]
[SourceTitle "playchess.com"]
[Source "ChessBase"]
[SourceQuality "1"]
[TimeControl "40/5400+30:1800+30"]

1. e4 {[%emt 0:00:00]} e5 {[%emt 0:01:28]} 2. Nf3 {[%emt 0:00:00]} Nc6 {[%emt 0:00:06]} 3. Bb5 {[%emt 0:00:00]} a6 {[%emt 0:00:15]} 4. Ba4 {[%emt 0:00:00]} Nf6 {[%emt 0:00:13]} 5. O-O {[%emt 0:00:00]} b5 {[%emt 0:01:14]} 6. Bb3 {[%emt 0:00:01]} Bb7 {[%emt 0:00:31]} 7. d3 {[%emt 0:08:43]} Be7 {[%emt 0:00:18]} 8. a4 {[%emt 0:05:20]} O-O {[%emt 0:00:45]} 9. Bg5 {[%emt 0:12:18]} d6 {[%emt 0:03:39]} 10. Nc3 {[%emt 0:07:59]} b4 {[%emt 0:08:03]} 11. Bxf6 {[%emt 0:01:30]} Bxf6 {[%emt 0:00:06]} 12. Nd5 {[%emt 0:00:07]} a5 {[%emt 0:05:40]} 13. c3 {[%emt 0:01:50]} bxc3 {[%emt 0:07:37]} 14. bxc3 {[%emt 0:00:13]} g6 {[%emt 0:01:02]} 15. Rb1 {[%emt 0:05:04]} Bg7 {[%emt 0:04:47]} 16. Ne3 {[%emt 0:04:06]} Bc8 {[%emt 0:04:26]} 17. Bc4 {[%emt 0:04:53]} Bd7 {[%emt 0:06:50]} 18. Qb3 {[%emt 0:00:17]} h6 {[%emt 0:04:15]} 19. Qa2 {[%emt 0:03:38]} Ne7 {[%emt 0:02:20]} 20. Rb2 {[%emt 0:05:52]} Nc8 {[%emt 0:09:27]} 21. Bd5 {[%emt 0:02:47]} Ra7 {[%emt 0:02:06]} 22. Rfb1 {[%emt 0:11:06]} Nb6 {[%emt 0:00:16]} 23. Bb3 {[%emt 0:01:02]} Qe7 {[%emt 0:11:02]} 24. Nd5 {[%emt 0:03:05]} Nxd5 {[%emt 0:00:05]} 25. Bxd5 {[%emt 0:00:06]} c6 {[%emt 0:00:52]} 26. Bc4 {[%emt 0:00:08]} Rc7 {[%emt 0:00:52]} 27. Rb7 {[%emt 0:03:23]} Bg4 {[%emt 0:01:54]} 28. Rxc7 {[%emt 0:00:09]} Qxc7 {[%emt 0:00:04]} 29. Nd2 {[%emt 0:01:24]} Bf6 {[%emt 0:07:05]} 30. h3 {[%emt 0:01:35]} Bc8 {[%emt 0:00:09]} 31. Qb3 {[%emt 0:01:11]} Kg7 {[%emt 0:03:51]} 32. Qb8 {[%emt 0:04:18]} Bd8 {[%emt 0:00:57]} 33. Qa8 {[%emt 0:03:19]} Bg5 {[%emt 0:05:12]} 34. Nf3 {[%emt 0:01:26]} Bf6 {[%emt 0:01:37]} 35. Qb8 {[%emt 0:04:21]} Qd8 {[%emt 0:02:22]} 36. Qa8 {[%emt 0:03:04]} Qc7 {[%emt 0:00:50]} 37. Qb8 {[%emt 0:00:04]} Qd8 {[%emt 0:00:50]} 38. Ba2 {[%emt 0:01:38]} Ba6 {[%emt 0:02:59]} 39. Qxd8 {[%emt 0:00:38]} Rxd8 {[%emt 0:01:58]} 40. c4 {[%emt 0:02:15]} Rd7 {[%emt 0:01:07]} 41. Rb6 {[%emt 0:02:17]} Bb7 {[%emt 0:02:17]} 42. c5 {[%emt 0:00:21]} dxc5 {[%emt 0:07:47]} 43. Kf1 {[%emt 0:01:04]} Kf8 {[%emt 0:04:58]} 44. Ke2 {[%emt 0:00:37]} Ke7 {[%emt 0:03:32]} 45. Nd2 {[%emt 0:01:01]} Kd6 {[%emt 0:01:34]} 46. Rb1 {[%emt 0:02:45]} Ba6 {[%emt 0:02:18]} 47. Bc4 {[%emt 0:02:22]} Bc8 {[%emt 0:00:05]} 48. Rb8 {[%emt 0:03:39]} Kc7 {[%emt 0:01:19]} 49. Ra8 {[%emt 0:02:12]} Bd8 {[%emt 0:05:52]} 50. Ra7+ {[%emt 0:09:30]} Bb7 {[%emt 0:00:11]} 51. Ba6 {[%emt 0:00:10]} Kb6 {[%emt 0:00:09]} 52. Rxb7+ {[%emt 0:00:04]} Rxb7 {[%emt 0:00:04]} 53. Bxb7 {[%emt 0:00:07]} Kxb7 {[%emt 0:00:02]} 54. Nc4 {[%emt 0:03:22]} Bc7 {[%emt 0:00:04]} 55. h4 {[%emt 0:03:56]} h5 {[%emt 0:00:50]} 56. Kf3 {[%emt 0:00:21]} Kc8 {[%emt 0:00:28]} 57. g4 {[%emt 0:00:48]} Kd7 {[%emt 0:00:23]} 58. gxh5 {[%emt 0:01:39]} gxh5 {[%emt 0:00:04]} 59. Ne3 {[%emt 0:00:09]} Ke6 {[%emt 0:01:42]} 60. Ke2 {[%emt 0:01:32]} Bd8 {[%emt 0:01:11]} 61. Nf5 {[%emt 0:00:10]} Kf6 {[%emt 0:01:02]} 62. Nd6 {[%emt 0:02:00]} Ke7 {[%emt 0:01:26]} 63. Nc4 {[%emt 0:01:15]} Ke6 {[%emt 0:00:06]} 64. Ke3 {[%emt 0:00:43]} Bc7 {[%emt 0:00:41]} 65. Kf3 {[%emt 0:00:19]} Bd8 {[%emt 0:00:59]} 66. Kg3 {[%emt 0:00:10]} Bc7 {[%emt 0:01:30]} 67. Kg2 {[%emt 0:00:26]} Bd8 {[%emt 0:00:10]} 68. Kh3 {[%emt 0:00:25]} f5 {[%emt 0:00:54]} 69. Kg3 {[%emt 0:00:56]} f4+ {[%emt 0:00:29]} 70. Kg2 {[%emt 0:00:13]} Bc7 {[%emt 0:00:27]} 71. Kf3 {[%emt 0:00:17]} Bd8 {[%emt 0:00:12]} 72. Ke2 {[%emt 0:00:11]} Bc7 {[%emt 0:00:20]} 73. Nd2 {[%emt 0:01:24]} Bd8 {[%emt 0:00:17]} 74. Nc4 {[%emt 0:00:56]} Bc7 {[%emt 0:00:08]} 75. f3 {[%emt 0:00:35]} Bd8 {[%emt 0:00:18]} 76. Kf1 {[%emt 0:00:22]} Bc7 {[%emt 0:00:07]} 77. Ke2 {[%emt 0:00:12]} 1/2-1/2

[Event "DSB-Kader-Challenge 2021"]
[Site "Magdeburg"]
[Date "2021.04.06"]
[Round "2.5"]
[White "Heimann, Andreas"]
[Black "Svane, Frederik"]
[Result "1/2-1/2"]
[WhiteElo "2606"]
[BlackElo "2421"]
[Annotator "ChessBase"]
[PlyCount "115"]
[EventDate "2021.04.05"]
[EventType "tourn"]
[EventCountry "GER"]
[SourceTitle "playchess.com"]
[Source "ChessBase"]
[SourceQuality "1"]
[TimeControl "40/5400+30:1800+30"]

1. e4 {[%emt 0:00:00]} c5 {[%emt 0:00:00]} 2. Nf3 {[%emt 0:00:00]} Nc6 {[%emt 0:00:00]} 3. d4 {[%emt 0:00:00]} cxd4 {[%emt 0:00:00]} 4. Nxd4 {[%emt 0:00:00]} e5 {[%emt 0:00:00]} 5. Nb5 {[%emt 0:00:04]} d6 {[%emt 0:00:00]} 6. c4 {[%emt 0:00:33]} g6 {[%emt 0:00:03]} 7. Be2 {[%emt 0:05:53]} Be6 {[%emt 0:02:14]} 8. O-O {[%emt 0:05:16]} a6 {[%emt 0:05:29]} 9. N5c3 {[%emt 0:02:40]} Nf6 {[%emt 0:00:18]} 10. Be3 {[%emt 0:05:33]} Bg7 {[%emt 0:01:05]} 11. Nd5 {[%emt 0:11:02]} O-O {[%emt 0:02:52]} 12. Nbc3 {[%emt 0:14:38]} Bxd5 {[%emt 0:02:26]} 13. cxd5 {[%emt 0:01:22]} Nd4 {[%emt 0:03:09]} 14. Bd3 {[%emt 0:03:03]} Qb6 {[%emt 0:11:56]} 15. Ne2 {[%emt 0:16:37]} Nd7 {[%emt 0:12:06]} 16. Qd2 {[%emt 0:02:59]} Nc5 {[%emt 0:05:34]} 17. Rac1 {[%emt 0:06:35]} Nxd3 {[%emt 0:26:23]} 18. Qxd3 {[%emt 0:04:03]} Qb5 {[%emt 0:00:17]} 19. Qxb5 {[%emt 0:11:17]} axb5 {[%emt 0:00:36]} 20. Nxd4 {[%emt 0:00:06]} exd4 {[%emt 0:00:06]} 21. Bf4 {[%emt 0:00:02]} Rfd8 {[%emt 0:05:44]} 22. a3 {[%emt 0:07:11]} d3 {[%emt 0:00:07]} 23. Rcd1 {[%emt 0:00:58]} Bxb2 {[%emt 0:05:32]} 24. Rxd3 {[%emt 0:00:07]} Rxa3 {[%emt 0:05:53]} 25. Rxa3 {[%emt 0:00:04]} Bxa3 {[%emt 0:00:04]} 26. Rb1 {[%emt 0:00:05]} Bc5 {[%emt 0:00:07]} 27. Rxb5 {[%emt 0:01:15]} Re8 {[%emt 0:00:20]} 28. Rxb7 {[%emt 0:01:43]} Rxe4 {[%emt 0:00:09]} 29. g3 {[%emt 0:00:09]} h5 {[%emt 0:04:10]} 30. Rd7 {[%emt 0:00:55]} Re1+ {[%emt 0:02:55]} 31. Kg2 {[%emt 0:00:03]} Re2 {[%emt 0:00:06]} 32. Bxd6 {[%emt 0:00:10]} Rxf2+ {[%emt 0:00:03]} 33. Kh1 {[%emt 0:00:36]} Bxd6 {[%emt 0:00:44]} 34. Rxd6 {[%emt 0:00:04]} Rd2 {[%emt 0:00:12]} 35. h4 {[%emt 0:00:56]} Kf8 {[%emt 0:00:13]} 36. Rd7 {[%emt 0:00:07]} Ke8 {[%emt 0:00:05]} 37. Ra7 {[%emt 0:00:03]} Rxd5 {[%emt 0:00:04]} 38. Kg2 {[%emt 0:00:03]} Kf8 {[%emt 0:00:33]} 39. Kf3 {[%emt 0:00:07]} Rd4 {[%emt 0:00:36]} 40. Rb7 {[%emt 0:00:08]} Kg7 {[%emt 0:00:03]} 41. Rb6 {[%emt 0:30:25]} Ra4 {[%emt 0:30:09]} 42. Rc6 {[%emt 0:00:07]} Ra5 {[%emt 0:00:06]} 43. Rb6 {[%emt 0:00:25]} Rf5+ {[%emt 0:00:18]} 44. Kg2 {[%emt 0:00:06]} Rf6 {[%emt 0:00:03]} 45. Rb7 {[%emt 0:00:04]} Ra6 {[%emt 0:00:04]} 46. Kf3 {[%emt 0:00:07]} Kf6 {[%emt 0:00:02]} 47. Rc7 {[%emt 0:00:31]} Ke6 {[%emt 0:00:24]} 48. Rb7 {[%emt 0:00:54]} Ra5 {[%emt 0:00:03]} 49. Rb6+ {[%emt 0:00:52]} Kf5 {[%emt 0:00:06]} 50. Rb3 {[%emt 0:00:03]} f6 {[%emt 0:00:29]} 51. Rc3 {[%emt 0:00:04]} g5 {[%emt 0:00:05]} 52. hxg5 {[%emt 0:00:10]} fxg5 {[%emt 0:00:04]} 53. g4+ {[%emt 0:00:43]} hxg4+ {[%emt 0:00:05]} 54. Kg3 {[%emt 0:00:03]} Ke4 {[%emt 0:00:17]} 55. Kxg4 {[%emt 0:00:08]} Kd4 {[%emt 0:00:04]} 56. Rc8 {[%emt 0:00:12]} Rc5 {[%emt 0:00:02]} 57. Rxc5 {[%emt 0:00:05]} Kxc5 {[%emt 0:00:02]} 58. Kxg5 {[%emt 0:00:06]} 1/2-1/2

[Event "DSB-Kader-Challenge 2021"]
[Site "Magdeburg"]
[Date "2021.04.07"]
[Round "3.1"]
[White "Kollars, Dmitrij"]
[Black "Fridman, Daniel"]
[Result "1/2-1/2"]
[WhiteElo "2598"]
[BlackElo "2601"]
[Annotator "TA"]
[PlyCount "80"]
[EventDate "2021.04.05"]
[EventType "tourn"]
[EventCountry "GER"]
[SourceTitle "playchess.com"]
[Source "ChessBase"]
[SourceQuality "1"]

{[%evp 13,80,17,20,7,0,9,12,15,14,13,25,0,0,0,0,0,0,0,0,0,0,0,0,0,0,0,0,0,0,0,0,-14,28,28,30,38,39,0,7,0,0,0,0,0,0,0,0,-12,-7,-33,-33,-33,-18,-25,-14,-33,-13,-18,0,-33,-18,-18,-14,-14,-14,-14,-14,-43,-8]} 1. e4 {Stohl,I} c6 2. d4 d5 3. e5 Bf5 4. Nf3 e6 5. Be2 c5 6. c3 Nc6 7. O-O Bg6 8. a3 {B12: Caro-Kann: Advance Variation.} cxd4 9. cxd4 Nge7 10. b4 {The position is equal.} Nc8 11. Nbd2 Nb6 12. Bb2 Be7 {[#]} 13. b5 $146 ({Predecessor:} 13. Rc1 O-O 14. Bc3 a6 15. Ne1 Qd7 16. Nd3 Nc4 17. Nxc4 dxc4 18. Nc5 Bxc5 19. dxc5 {0-1 (47) Fedoseev,V (2667)-Dreev,A (2652) Moscow 2016 CBM 176 [Stohl,I]}) 13... Na5 14. Bc3 Nbc4 15. Qa4 O-O 16. Rfc1 a6 17. Bxa5 Nxa5 18. bxa6 bxa6 19. Rc3 Qb6 20. Rac1 Bd8 21. h3 Qb2 22. Qb4 Qxb4 (22... Rb8 {looks sharper.} 23. Qxb2 Rxb2 24. Bxa6 Ra2 25. Bd3 Bxd3 26. Rxd3 Be7) 23. axb4 Nc4 24. Nxc4 dxc4 25. Rxc4 Be7 26. Rc6 Bxb4 27. Rxa6 Rxa6 28. Bxa6 Be4 29. Rc4 Rb8 30. Ng5 Bd5 31. Rc8+ (31. Rc2 {is more complex.} h6 32. Nf3 Ra8 33. Be2 Ba5 34. Rc1) 31... Rxc8 32. Bxc8 $15 {[%mdl 4096] Endgame KBB-KBN} Bc3 33. Nf3 h6 34. Kf1 Bc4+ 35. Kg1 Bd5 36. Kf1 Bxf3 37. gxf3 Bxd4 38. f4 $1 g5 39. f5 exf5 40. e6 {[#] Threatens to win with e7.} (40. h4 $5) 40... fxe6 {Weighted Error Value: White=0.06/Black=0.05} 1/2-1/2

[Event "DSB-Kader-Challenge 2021"]
[Site "Magdeburg"]
[Date "2021.04.07"]
[Round "3.2"]
[White "Svane, Frederik"]
[Black "Svane, Rasmus"]
[Result "0-1"]
[WhiteElo "2421"]
[BlackElo "2613"]
[Annotator "TA"]
[PlyCount "60"]
[EventDate "2021.04.05"]
[EventType "tourn"]
[EventCountry "GER"]
[SourceTitle "playchess.com"]
[Source "ChessBase"]
[SourceQuality "1"]

{[%evp 16,60,6,0,12,6,24,15,12,25,21,-14,0,0,-11,-8,-12,-30,18,-156,-157,-282,-273,-285,-284,-270,-279,-594,-583,-747,-730,-721,-656,-649,-448,-444,-443,-415,-381,-446,-457,-420,-414,-406,-408,-404,-399]} 1. e4 e5 2. Nf3 Nc6 3. Bb5 a6 4. Ba4 Nf6 5. O-O Be7 6. d3 b5 7. Bb3 d6 8. a3 O-O 9. Nc3 {[%cal Bb1c3,Bc3e2,Be2g3][%mdl 32]} Nb8 {9...Na5 gains popularity. C77: Ruy Lopez: 3...a6 4 Ba4 Nf6, unusual lines.} 10. h3 Bb7 11. Ne2 Nbd7 {The position is equal.} 12. Ng3 {[#]} Re8 $146 ({Predecessor:} 12... Nc5 13. Ba2 Ne6 14. Re1 Re8 15. c3 c5 16. Nh2 Bf8 17. Ng4 Nxg4 18. Qxg4 g6 {1-0 (49) Khanin,S (2500)-Postny,E (2605) Moscow 2019}) 13. Ng5 d5 14. f4 c5 15. exd5 {Strongly threatening d6!} Qb6 16. Kh1 {aiming for d6!} Nxd5 17. Nxf7 $2 Qg6 $17 {[%mdl 64] Double Attack} (17... exf4 18. Nh5 $11 (18. Bxf4 Qg6 $11)) 18. Qf3 (18. Ng5 $17 exf4 19. Qg4) 18... Qxf7 $19 19. c4 bxc4 (19... Nxf4 20. Qxb7 Red8 {[#]} 21. Ne2 $1 $16) (19... exf4 20. cxd5 g5 21. Qh5 $17) 20. dxc4 {[#]} e4 $1 {[%cal Re4f3]} 21. Qxe4 {[#]} (21. Nxe4 {is more resistant.} N5b6 22. Nf6+ Bxf6 23. Qxb7) 21... Bh4 $1 {[%mdl 64] Discovered Attack} 22. Qf3 {[#]} (22. Qd3 N5f6) 22... Ne3 {[%mdl 576] Double Attack, Discovered Attack} 23. Qxb7 Rab8 24. Qf3 {next Re1 is good for White.} Bxg3 25. Bxe3 {Black must now prevent Ba4.} Rxb3 {[%mdl 64] Double Attack} 26. Qxg3 Rbxe3 27. Qg4 Nf6 28. Qf5 Ne4 {( -> ...Ng3+). Black is winning.} 29. Qxf7+ Kxf7 30. Kg1 Rb3 {Weighted Error Value: White=0.54/Black=0.15} 0-1

[Event "DSB-Kader-Challenge 2021"]
[Site "Magdeburg"]
[Date "2021.04.07"]
[Round "3.3"]
[White "Huschenbeth, Niclas"]
[Black "Heimann, Andreas"]
[Result "1/2-1/2"]
[WhiteElo "2604"]
[BlackElo "2606"]
[Annotator "TA"]
[PlyCount "92"]
[EventDate "2021.04.05"]
[EventType "tourn"]
[EventCountry "GER"]
[SourceTitle "playchess.com"]
[Source "ChessBase"]
[SourceQuality "1"]

{[%evp 12,92,21,11,17,22,8,17,26,21,21,14,34,27,27,29,42,5,8,13,17,17,12,22,13,0,0,0,0,-4,5,-41,-2,-22,-19,-64,-53,-93,-66,-91,-43,-58,-20,-74,-36,-21,-33,-97,-57,-97,-57,-97,-95,-124,-124,-124,-124,-124,-124,-124,-116,-124,-124,-124,-124,-124,-124,-124,-124,-124,0,-74,0,0,0,0,0,-88,-88,-88,-88,-89,0]} 1. e4 e5 2. Nf3 Nc6 3. Bc4 Bc5 4. c3 Nf6 5. d3 d6 6. O-O h6 7. Re1 O-O {C54: Giuoco Piano: 4 c3 Nf6, main lines with 5 d4 and 5 d3.} 8. Nbd2 a5 9. Nf1 Be6 {The position is equal.} 10. Bb5 Bb6 11. Ng3 Nh7 12. h3 Ng5 13. Nxg5 hxg5 {[#]} 14. Qh5 $146 ({Predecessor:} 14. d4 exd4 15. Bxc6 bxc6 16. cxd4 c5 17. d5 Bd7 18. a4 Re8 19. Bd2 c4 20. Qf3 {1-0 (41) So,W (2770)-Nakamura,H (2736) chess24.com INT 2020}) 14... f6 15. Ba4 Qe8 16. Qd1 Qf7 17. Be3 Bxe3 18. fxe3 Ne7 19. d4 Rab8 20. Qd3 b5 21. Bd1 a4 22. d5 Bd7 23. Rf1 g6 24. Bg4 Bxg4 25. hxg4 Kg7 26. Rac1 Ng8 {[%cal Be7g8,Bg8h6,Bh6f7,Bf7d8,Bd8b7][%mdl 32]} 27. Qe2 (27. Nh1 $11) 27... Qd7 28. Nh1 $1 c5 29. Nf2 (29. dxc6 $15 Qxc6 30. Qf3) 29... Nh6 30. g3 Rh8 31. Kg2 c4 32. a3 Nf7 33. Qf3 Rbf8 34. Rh1 Nd8 35. Rxh8 Rxh8 36. Rh1 Rxh1 37. Kxh1 Nb7 38. Kg2 Nc5 39. Qd1 Qc8 40. Kf3 f5 ({Black should try} 40... Qh8 $17 41. Qh1 Qf8) 41. gxf5 {[#]} (41. exf5 $1 $11 {remains equal.} gxf5 42. Kg2) 41... gxf5 (41... Nxe4 $1 $17 42. f6+ (42. g4 gxf5) 42... Nxf6) 42. Kg2 $1 $11 fxe4 43. Qh5 Qf5 44. Nh3 {[#]} (44. Qe8 $11) 44... Qf3+ $1 $17 {Black is better.} 45. Qxf3 exf3+ 46. Kxf3 {[#]} Kg6 {Weighted Error Value: White=0.19/Black=0.12} ({Better is} 46... e4+ $1 $17 47. Kg4 Kf6) 1/2-1/2

[Event "DSB-Kader-Challenge 2021"]
[Site "Magdeburg"]
[Date "2021.04.07"]
[Round "3.4"]
[White "Wagner, Dennis"]
[Black "Donchenko, Alexander"]
[Result "1/2-1/2"]
[WhiteElo "2581"]
[BlackElo "2659"]
[Annotator "TA"]
[PlyCount "35"]
[EventDate "2021.04.05"]
[EventType "tourn"]
[EventCountry "GER"]
[SourceTitle "playchess.com"]
[Source "ChessBase"]
[SourceQuality "1"]

{[%evp 16,35,19,18,36,32,41,16,25,24,30,33,39,32,34,0,24,0,14,0,19,0]} 1. e4 e5 2. Nf3 Nc6 3. Bb5 a6 4. Ba4 Nf6 5. O-O Be7 6. Re1 b5 7. Bb3 O-O 8. h3 Bb7 9. d3 d5 {C88: Closed Ruy Lopez: Anti-Marshall Systems.} 10. exd5 Nxd5 11. a4 Ndb4 $5 {[%mdl 4] A promising side line.} 12. Nbd2 Na5 13. Nxe5 Nxb3 14. Nxb3 {Threatens to win with Na5.} Qd5 {[%csl Gb7][%cal Rd5g2] [#]} 15. Nf3 Qd7 16. Ne5 Qd5 {[%csl Gb7][%cal Rd5g2] [#]} 17. Nf3 $146 ({Predecessor:} 17. f3 Bd6 18. Ng4 Bg3 19. Re4 Qd6 20. Rd4 Qe7 21. Bd2 c5 22. Bxb4 cxb4 23. Nh6+ gxh6 24. Rg4+ Kh8 25. Rxg3 Qe5 26. Qe1 Qxb2 27. axb5 a5 28. Qe7 Bd5 29. d4 {1-0 (29) Vachier Lagrave,M (2774)-So,W (2767) chess.com INT 2019}) 17... Qd7 18. Ne5 {Weighted Error Value: White=0.12/Black=0.04} 1/2-1/2

[Event "DSB-Kader-Challenge 2021"]
[Site "Magdeburg"]
[Date "2021.04.07"]
[Round "3.5"]
[White "Engel, Luis"]
[Black "Bluebaum, Matthias"]
[Result "0-1"]
[WhiteElo "2553"]
[BlackElo "2670"]
[Annotator "TA"]
[PlyCount "78"]
[EventDate "2021.04.05"]
[EventType "tourn"]
[EventCountry "GER"]
[SourceTitle "playchess.com"]
[Source "ChessBase"]
[SourceQuality "1"]

{[%evp 16,78,35,24,25,18,24,-41,-50,-43,-49,-38,-43,-39,-55,-64,-45,-45,-55,-60,-39,-76,-67,-84,-93,-235,-254,-244,-235,-232,-200,-247,-233,-233,-87,-90,-99,-87,-80,-120,-135,-147,-143,-240,-239,-234,-230,-235,-249,-229,-235,-303,-304,-391,-387,-362,-365,-352,-329,-333,-321,-432,-427,-1636,-1567]} 1. e4 c6 2. d4 d5 3. e5 Bf5 4. Nf3 e6 5. Be2 c5 6. Be3 Nd7 7. O-O Ne7 8. c4 dxc4 9. Na3 c3 {B12: Caro-Kann: Advance Variation.} 10. Nb5 {[%cal Rb5d6]} Nd5 11. Bg5 {[#]} ({Of course not} 11. bxc3 a6 $15) (11. Nxc3 $11 Nxe3 12. fxe3) 11... c2 $146 {Black is slightly better.} ({Predecessor:} 11... f6 12. exf6 gxf6 13. Nh4 Bg6 14. Nxg6 hxg6 15. Bc1 cxd4 16. Nxd4 Qb6 17. Bf3 Ne5 18. Bxd5 exd5 19. bxc3 {½-½ (79) Alekseenko,K (2639)-Artemiev,V (2706) Sochi 2018}) 12. Qd2 Qb6 {aiming for ...a6.} 13. a4 a6 14. a5 Qc6 15. Na3 h6 16. Be3 Nxe3 17. fxe3 Qe4 $36 {[%mdl 2048] Black has good play.} 18. Rfc1 {[%cal Ra3c2]} cxd4 19. exd4 {[%cal Ra3c2]} Rc8 20. Rxc2 Rxc2 $19 21. Nxc2 Qxc2 22. Rc1 Qxd2 23. Rc8+ Ke7 24. Nxd2 Nxe5 25. dxe5 $17 {And now Rc7+ would win.} Kd7 26. Rc4 Be7 27. Bf3 Rb8 28. g4 Bg6 29. Nb3 (29. Kh1 $17 {was worth a try.}) 29... Rc8 $19 30. Rd4+ Kc7 31. Kg2 {[#]} Kb8 $1 32. Kg3 Rd8 33. Rc4 Rd3 34. Nd4 Be4 {Strongly threatening ...Bd5.} 35. Kg2 Rd2+ 36. Kg3 Bxf3 37. Nxf3 Rxb2 38. h4 Rb4 39. Rf4 {[#]} (39. Rc1 $142) 39... Bxh4+ $1 {[%mdl 512] Weighted Error Value: White=0.53/Black=0.09} 0-1

[Event "DSB-Kader-Challenge 2021"]
[Site "Magdeburg"]
[Date "2021.04.07"]
[Round "4.1"]
[White "Fridman, Daniel"]
[Black "Donchenko, Alexander"]
[Result "0-1"]
[WhiteElo "2601"]
[BlackElo "2659"]
[Annotator "TA"]
[PlyCount "122"]
[EventDate "2021.04.05"]
[EventType "tourn"]
[EventCountry "GER"]
[SourceTitle "playchess.com"]
[Source "ChessBase"]
[SourceQuality "1"]

{[%evp 15,122,6,4,10,19,37,27,33,22,29,22,28,28,5,17,25,36,21,16,-8,9,8,0,-67,0,0,0,0,0,-58,-57,-58,-58,-197,-197,-210,-210,-210,-208,-210,-208,-208,-200,-200,-193,-193,-193,-208,-206,-214,-208,-216,-193,-189,-179,-179,-179,-179,-179,-267,-267,-271,-218,-247,-218,-271,-240,-252,-251,-251,-251,-267,-266,-340,-340,-340,-340,-333,-314,-333,-282,-332,-330,-318,-313,-292,-282,-282,-282,-366,-340,-29967,-29968,-29969,-29969,-29970,-29971,-29971,-29972,-29972,-29972,-29975,-29976,-29982,-29982,-29982,-29983,-29983,-29984]} 1. d4 {Pavlovic,M} d5 2. Nf3 Nf6 3. c4 c6 4. cxd5 cxd5 5. Nc3 Nc6 6. Bf4 Bf5 7. e3 e6 8. Qb3 Bb4 9. Ne5 {Threatens to win with Nxc6. is more profitable than 9.Bb5 at the moment. D14: Slav Defence: Exchange variation with ...Bf5.} Qb6 10. Nxc6 bxc6 11. Be2 {White has an edge.} Ne4 12. f3 Nxc3 13. bxc3 Be7 14. O-O O-O 15. c4 c5 16. cxd5 exd5 {[#]} 17. g4 $146 ({Predecessor:} 17. Qxd5 Be6 18. Qe4 cxd4 19. exd4 Bf6 20. Be5 Bxe5 21. Qxe5 Rfd8 22. Rfd1 g6 23. Rab1 {1-0 (50) Morozevich,A (2712)-Artemiev,V (2662) Moscow 2014 CBM 164 [Pavlovic,M]}) 17... Bg6 18. Qxd5 cxd4 19. exd4 (19. Qxd4 $11 Bc5 20. Qc3) 19... Bf6 (19... Rfd8 $15 20. Qb3 Qxd4+ 21. Be3 Qf6) 20. Rad1 $11 Rfd8 21. Qb5 Rxd4 22. Qxb6 ({White should try} 22. Be3 $11 Rxg4+ {[%mdl 64] Discovered Attack} 23. fxg4 Qxe3+ 24. Kg2) 22... axb6 $15 23. Be3 Rxd1 24. Bxd1 {Loses the game.} (24. Rxd1 $15 Re8 25. g5 Rxe3 26. gxf6 gxf6 27. Rd2) 24... Bd3 $19 (24... Rxa2 25. Bxb6 h5 26. gxh5 $15) 25. Bxb6 Bxf1 (25... Rxa2 26. Rf2 $11) 26. Kxf1 Rxa2 {[%mdl 4096] Endgame KRB-KB} 27. Bf2 Be5 28. h3 Bf4 29. Bb3 Rd2 30. Ba4 g6 31. Bc6 Kg7 32. Bb7 Kf6 33. Be4 Kg5 34. Be1 Rh2 {...Rh1+ is the strong threat.} 35. h4+ Kf6 36. Bf2 Rh1+ 37. Ke2 (37. Kg2 $142 Rd1 38. h5) 37... Kg7 38. Bd5 Kg8 39. Be4 Bd6 40. f4 Ra1 41. f5 Ra2+ 42. Kf3 Ra3+ 43. Kg2 Ra4 44. Kf3 {[#]} h5 $1 {[%cal Rh5g4]} 45. gxh5 gxf5 ({Don't play} 45... gxh5 46. Be3 $19) 46. Bc6 Ra3+ 47. Kg2 Kg7 48. Bd5 Be5 49. h6+ Kg6 ({Don't take} 49... Kxh6 50. Bxf7 Kg7 51. Bd5 $19) 50. h7 Bh8 ({Don't do} 50... Kxh7 51. Bxf7 Kg7 52. Be8 $19) 51. h5+ Kg7 52. Bd4+ Kxh7 {[%mdl 64] [#] Discovered Attack} 53. Bxh8 (53. Bf2 $19) 53... Kxh8 {Black mates.} 54. Bxf7 {KR-KB} Kg7 55. Bg6 Kf6 56. Kf2 Kg5 57. Bf7 Kg4 58. Bg6 Ra2+ 59. Kf1 Rh2 60. Kg1 Kg3 61. Bxf5 Rd2 {[%cal Rd2d1] Weighted Error Value: White=0.29/Black=0.07} 0-1